| 000 | 01179nam a22003255a 4500 | ||
|---|---|---|---|
| 999 |
_c24397 _d24369 |
||
| 003 | EG-ScBUE | ||
| 005 | 20210309101621.0 | ||
| 008 | 170312n200u ua f bd 000 d eng d | ||
| 020 | _a9770555541 | ||
| 020 | _a9789770555545 | ||
| 040 |
_aEG-ScBUE _beng _erda _cEG-ScBUE _dEG-ScBUE |
||
| 082 | 0 | 4 |
_a822.3 _bMAR _222 |
| 100 | 1 |
_aMarlowe, Christopher, _d1564-1593, _eauthor. _924046 |
|
| 245 | 1 | 0 |
_aDoctor Faustus / _cChristopher Marlowe ; introduced by Dr. Hana'a Hassanein, Faculty of Al-Alsun, Ain Shams University. |
| 264 | 1 |
_a[Cairo] : _bThe Anglo-Egyptian Bookshop, _c[200-] |
|
| 300 |
_a145 pages ; _c20 cm |
||
| 336 |
_2rdacontent _atext _btxt |
||
| 337 |
_2rdamedia _aunmediated _bn |
||
| 338 |
_2rdacarrier _avolume _bnc |
||
| 500 | _aIncludes glossary. | ||
| 504 | _aIncludes bibliographical references. | ||
| 600 | 0 | 7 |
_aFaust, _d-approximately 1540 _vDrama. _2BUEsh |
| 650 | 7 |
_aMagicians _vDrama. _2BUEsh |
|
| 650 | 7 |
_aDoctor Faustus (Marlowe, Christopher) _vDrama. _2BUEsh _937242 |
|
| 651 | _2BUEsh | ||
| 653 |
_bHHUUEENN _bGGEN _cMarch2017 |
||
| 655 |
_vReading book _934232 |
||
| 700 | 1 |
_aHassanein, Hana'a, _eauthor of introduction, etc. |
|
| 942 |
_2ddc _cTXT |
||